000 00790nam a2200217 a 4500
001 000033950
005 20200930070641.0
008 110914s2010 ag 000 0 spa d
020 _a9789871696048
040 _aDO-SdBNP
_bspa
_cBNPHU
082 _a321
_bA367a
100 1 _aAlem, Leandro N.
_959407
245 1 0 _aAutonomismo y centralismo /
_cLeandro N. Alem.
260 _aBuenos Aires, Argentina :
_bComisión Nacional Protectora de Bibliotecas Populares,
_c2010.
300 _a253 p. ;
_c23 cm.
490 1 _aBiblioteca popular del bicentenário. Série décadas
_v2
650 4 _aGobierno federal
_zArgentina
_959408
651 4 _aArgentina
_xHistoria
_918482
830 0 _aBiblioteca popular del bicentenário. Série décadas
_v2
_959409
910 _aValidado. Control de calidad MFF
999 _c33441
_d33441